Fr. Conceicao Rodrigues College of Engineering

Compiler Design In C (Record no. 34409)

MARC details
000 -LEADER
fixed length control field 00274nam a2200121Ia 4500
100 ## - MAIN ENTRY--PERSONAL NAME
Personal name Holub/Allen I
245 ## - TITLE STATEMENT
Title Compiler Design In C
260 ## - PUBLICATION, DISTRIBUTION, ETC.
Name of publisher, distributor, etc. Prentice Hall of India
Place of publication, distribution, etc. NEW DELHI
Date of publication, distribution, etc. 1993
300 ## - PHYSICAL DESCRIPTION
Extent 924
546 ## - LANGUAGE NOTE
Language note ENGLISH
654 ## - SUBJECT ADDED ENTRY--FACETED TOPICAL TERMS
Focus term Complier Design
942 ## - ADDED ENTRY ELEMENTS (KOHA)
Koha item type BOOK
Holdings
Withdrawn status Lost status Damaged status Not for loan Collection Home library Current library Shelving location Date acquired Total Checkouts Full call number Barcode Date last seen Price effective from Koha item type
        AFT Fr. Agnel's C.Rodrigues College of Engineering Fr. Agnel's C.Rodrigues College of Engineering   17/03/2023   AFT6290 17/03/2023 17/03/2023 BOOK